<?xml version="1.0" encoding="UTF-8"?>
<record
    xmlns:xsi="http://www.w3.org/2001/XMLSchema-instance"
    xsi:schemaLocation="http://www.loc.gov/MARC21/slim http://www.loc.gov/standards/marcxml/schema/MARC21slim.xsd"
    xmlns="http://www.loc.gov/MARC21/slim">

  <leader>00735nam a2200217 a 4500</leader>
  <controlfield tag="008">060510s2006||||xo     g      000 f slo d</controlfield>
  <datafield tag="020" ind1=" " ind2=" ">
    <subfield code="a">8089199356 </subfield>
    <subfield code="q">(viaz.)</subfield>
    <subfield code="c">229.00 Sk</subfield>
  </datafield>
  <datafield tag="040" ind1=" " ind2=" ">
    <subfield code="a">POKPOH</subfield>
    <subfield code="b">slo</subfield>
    <subfield code="d">SNK</subfield>
    <subfield code="c">POKPOH</subfield>
  </datafield>
  <datafield tag="041" ind1="1" ind2=" ">
    <subfield code="a">slo</subfield>
    <subfield code="h">cze</subfield>
  </datafield>
  <datafield tag="072" ind1=" " ind2="7">
    <subfield code="a">821.162.3</subfield>
    <subfield code="x">&#x10C;esk&#xE1; literat&#xFA;ra</subfield>
    <subfield code="2">konspekt</subfield>
  </datafield>
  <datafield tag="080" ind1=" " ind2=" ">
    <subfield code="a">821.162.3-31</subfield>
    <subfield code="2">2001</subfield>
  </datafield>
  <datafield tag="100" ind1="1" ind2=" ">
    <subfield code="a">Obermannov&#xE1;, Irena,</subfield>
    <subfield code="d">1962-</subfield>
  </datafield>
  <datafield tag="240" ind1="1" ind2="0">
    <subfield code="a">Nezav&#x11B;&#x161;ujte se</subfield>
    <subfield code="l">Slovensky</subfield>
  </datafield>
  <datafield tag="245" ind1="1" ind2="0">
    <subfield code="a">Neve&#x161;ajte sa</subfield>
    <subfield code="c">Irena Obermannov&#xE1; ; [z &#x10D;esk&#xE9;ho origin&#xE1;lu prelo&#x17E;ila M&#xE1;ria Murckov&#xE1;]</subfield>
  </datafield>
  <datafield tag="250" ind1=" " ind2=" ">
    <subfield code="a">1. vyd.</subfield>
  </datafield>
  <datafield tag="260" ind1=" " ind2=" ">
    <subfield code="a">Bratislava</subfield>
    <subfield code="b">Mot&#xFD;&#x13E;</subfield>
    <subfield code="c">2006</subfield>
  </datafield>
  <datafield tag="300" ind1=" " ind2=" ">
    <subfield code="a">171 s.</subfield>
    <subfield code="c">20 cm</subfield>
  </datafield>
  <datafield tag="700" ind1="1" ind2=" ">
    <subfield code="a">Murckov&#xE1;, M&#xE1;ria</subfield>
    <subfield code="4">trl</subfield>
  </datafield>
  <datafield tag="765" ind1="0" ind2=" ">
    <subfield code="t">Nezav&#x11B;&#x161;ujte se. Slovensky</subfield>
    <subfield code="a">Obermannov&#xE1;, Irena, 1962-</subfield>
  </datafield>
  <datafield tag="044" ind1=" " ind2=" ">
    <subfield code="a">xo</subfield>
    <subfield code="c">SK</subfield>
  </datafield>
  <datafield tag="999" ind1=" " ind2=" ">
    <subfield code="c">8071</subfield>
    <subfield code="d">8071</subfield>
  </datafield>
  <datafield tag="952" ind1=" " ind2=" ">
    <subfield code="0">0</subfield>
    <subfield code="1">0</subfield>
    <subfield code="2">udc</subfield>
    <subfield code="4">0</subfield>
    <subfield code="7">0</subfield>
    <subfield code="8">K</subfield>
    <subfield code="a">10000</subfield>
    <subfield code="b">10000</subfield>
    <subfield code="d">2019-11-29</subfield>
    <subfield code="g">229.00</subfield>
    <subfield code="i">07547</subfield>
    <subfield code="l">2</subfield>
    <subfield code="o">B1749</subfield>
    <subfield code="p">B1749</subfield>
    <subfield code="r">2025-01-10</subfield>
    <subfield code="s">2024-10-04</subfield>
    <subfield code="w">2019-11-29</subfield>
    <subfield code="y">KLDO</subfield>
  </datafield>
</record>
